Statistics for 15 Countries with Highest Sustainable Competitiveness

Click here to take the quiz!

General Stats

  • This quiz has been taken 50 times
  • The average score is 12 of 15

Answers on the Map

Answers color-coded by a green-red scale on the quiz's map according to % correct below.
 

Answer Stats

Answer% Correct
Denmark56.0
96%
Finland56.2
96%
Norway59.4
96%
Sweden60.9
96%
Germany52.1
94%
Ireland53.9
94%
Iceland56.0
89%
Japan52.0
89%
New Zealand53.5
89%
Austria53.8
87%
Switzerland54.4
79%
Estonia53.6
77%
Luxembourg53.8
74%
Slovenia54.8
49%
Liechtenstein52.4
45%

Score Distribution

Percentile by Number Answered

Percent of People with Each Score

Your Score History

You have not taken this quiz